| 000 | 01464nam a2200265Ia 4500 | ||
|---|---|---|---|
| 999 |
_c51019 _d51019 |
||
| 001 | 17976 | ||
| 003 | GE_BSU | ||
| 005 | 20250227150241.0 | ||
| 008 | 181216s2012||||ge |||||||||||||| ||geo|| | ||
| 020 | _a9789941439544 | ||
| 040 | _cGE_BSU | ||
| 041 | _ageo | ||
| 080 | _a51(075.3) მ-15 | ||
| 100 |
_aგოგიშვილი,გურამ. ვეფხვაძე, თ. მებონია,ია. ქურჩიშვილი,ლამარა _924426 |
||
| 245 |
_aმათემატიკა : XI კლასი : _bსახელმძღვანელო / _cგურამ გოგიაშვილი, თ. ვეფხვაძე, ია მებონია, ლამარა ქურჩიშვილი ; რედ. თ. ვეფხვაძე. |
||
| 264 |
_aთბილისი : _bინტელექტი, _c2012. |
||
| 300 |
_a358 გვ. : _bილ. ; _c27 სმ. |
||
| 653 | _aმათემატიკა : XI კლასის სახელმძღვანელო | ||
| 700 |
_aგოგიაშვილი, გურამ _eავტორი _91852 |
||
| 700 |
_aვეფხვაძე, თ. _eავტორი _924427 |
||
| 700 |
_aმებონია, ია _eავტორი _95603 |
||
| 700 |
_aქურჩიშვილი, ლამარა _eავტორი _924428 |
||
| 700 |
_dვეფხვაძე, თ. _eრედაქტორი _924427 |
||
| 942 |
_cBK _2udc |
||